Teplotná poistka na báze neodýmu na spinklerové hlavice /

Uložené v:
Podrobná bibliografia
Hlavní autori: Oravec, Milan (Inventor), Fic, Marek (Inventor), Oravec, Jakub (Inventor)
Korporatívny autor: Technická univerzita v Košiciach (Košice, SK) (Patent holder)
Médium: Patent
Jazyk:Slovak
Vydané: Banská Bystrica : Úrad priemyselného vlastníctva SR, 2018.
Témy:
On-line prístup:https://wbr.indprop.gov.sk/WebRegistre/Patent/Detail/100-2015
Fyzický popis: 7 strán.
Tagy: Pridať tag
Žiadne tagy, Buďte prvý kto otaguje tento záznam!

MARC

LEADER 00000nam^a2200000^a^4500
001 000577366
003 SVKKK
005 20180416083855.0
008 180416s2018 xo f j #0|| 0#slo^c
013 |a 100-2015  |d 2. 6. 2017  |d 2. 3. 2018 
040 |a SVKKK  |b slo  |c SVKKK  |e AACR2 
041 0 |a slo 
044 |a xo  |c SK 
084 |a A62C 37/00  |2 MPT 
084 |a G05D 23/00  |2 MPT 
084 |a G01K 7/00  |2 MPT 
100 1 |a Oravec, Milan  |4 inv 
245 1 0 |a Teplotná poistka na báze neodýmu na spinklerové hlavice /  |c Oravec Milan. 
260 |a Banská Bystrica :  |b Úrad priemyselného vlastníctva SR,  |c 2018. 
300 |a 7 strán. 
655 7 |a patenty  |2 SVKPH 
700 1 |a Fic, Marek  |4 inv 
700 1 |a Oravec, Jakub  |4 inv 
710 2 |a Technická univerzita v Košiciach (Košice, SK)  |4 pth 
856 4 0 |u https://wbr.indprop.gov.sk/WebRegistre/Patent/Detail/100-2015 
910 |a svkkk 
998 |a PA 
090 |g SCKHL  |k SK41  |a 288 549  |j 4308  |i 2720529405  |s Vyradená